000 00549nam a2200181Ia 4500
005 20250508162734.0
008 008 250505s9999 xx 000 0 hin d
037 _aBooks to be hide in OPAC
040 _aFEDL
_beng
_cFEDL
041 _ahin
_2eng
084 _a808, GAN
_qFEDL
100 _aGandhi M K
245 0 _aBaapu ke ashirvad: Roz ke vichar
260 _aNew Delhi, India
_bMinistry of Information and Broadcasting, Government of India
_c1968
300 _axxiii,693p.
942 _cHB
_h808, GAN
999 _c1378410
_d1378410